| 000 | 00388nam a2200181Ia 4500 | ||
|---|---|---|---|
| 005 | 20260120115222.0 | ||
| 020 | _a9780273712121 | ||
| 050 | _aHF 5635 .W863/ | ||
| 100 | _aWood,Frank | ||
| 245 | 0 | _aBusiness accounting 1 | |
| 250 | _a12th ed. | ||
| 260 | _aHarlow | ||
| 260 | _bPearson Education | ||
| 260 | _c2012 | ||
| 300 | _a762 p | ||
| 650 | _aAccounting | ||
| 942 |
_cBK _2lcc |
||
| 999 |
_c44046 _d44046 |
||